| 000 | 01096cam a2200253 4500 | ||
|---|---|---|---|
| 001 | ABS68140 | ||
| 008 | 040825n2004 000 0 eng u | ||
| 035 | _a(Sirsi) u127163 | ||
| 100 | _aHalford, P. | ||
| 245 | _aFinding the right software solutions | ||
| 260 | _c2004 | ||
| 490 |
_aProperty Forecast _v7(7) July 2004, 8-9(2) |
||
| 520 | _aArticle briefly looks at the latest developments in software programs available to the property investment industry. Outlines the main categories of software asvaluation and analysis; performance forecasting; development appraisal; and property management and information. Offers some tips and advice for the novice, such as being aware of the hidden maintenance cost of the in-house system. | ||
| 590 | _aABS | ||
| 590 | _aABS | ||
| 650 | _aSOFTWARE PACKAGES | ||
| 650 | _aVALUATION SOFTWARE | ||
| 650 | _aDEVELOPMENT APPRAISAL | ||
| 650 | _aPROPERTY MANAGEMENT SOFTWARE | ||
| 650 | _aPROPERTY INVESTMENT MARKET | ||
| 650 | _aBUILT ENVIRONMENT-BUILDING MAINTENANCE AND REFURBISHMENT | ||
| 690 | _aINFORMATION TECHNOLOGY | ||
| 942 | _n0 | ||
| 999 |
_c117900 _d117900 |
||